Apple Inc. Products by Picture - Statistics

General Stats
  • This quiz has been taken 1,396 times
  • The average score is 10 of 18
Answer Stats
Picture Product % Correct
MacBook
89%
iPad
84%
Apple Watch
82%
iMac
79%
iPhone 4
65%
iPhone 5s
65%
iPhone 6
64%
iPhone 7
63%
iPhone X
62%
Apple TV
57%
iPad Mini
55%
{iPad Pro} (Larger object)
46%
iPod Nano
46%
iPod Shuffle
44%
iPod Touch
43%
{Apple Pencil} (Smaller object)
28%
Mac Mini
26%
iPod Classic
18%
No matching quizzes found
Score Distribution
Percent of People with Each Score
Percentile by Number Answered
Your Score History
You have not taken this quiz